<?xml version="1.0" encoding="UTF-8"?>
<record
    xmlns:xsi="http://www.w3.org/2001/XMLSchema-instance"
    xsi:schemaLocation="http://www.loc.gov/MARC21/slim http://www.loc.gov/standards/marcxml/schema/MARC21slim.xsd"
    xmlns="http://www.loc.gov/MARC21/slim">

  <leader>00659nam a22002177a 4500</leader>
  <datafield tag="952" ind1=" " ind2=" ">
    <subfield code="a">0001</subfield>
    <subfield code="b">0001</subfield>
    <subfield code="d">2021-08-19</subfield>
    <subfield code="l">0</subfield>
    <subfield code="o">320.9561 E64b 2001</subfield>
    <subfield code="p">019995</subfield>
    <subfield code="r">2021-08-19 00:00:00</subfield>
    <subfield code="w">2021-08-19</subfield>
    <subfield code="x">Emin De&#x11F;er Ba&#x11F;&#x131;&#x15F;&#x131;d&#x131;r.</subfield>
    <subfield code="y">BKS</subfield>
  </datafield>
  <datafield tag="999" ind1=" " ind2=" ">
    <subfield code="c">14501</subfield>
    <subfield code="d">14501</subfield>
  </datafield>
  <controlfield tag="003">MIRAKIL</controlfield>
  <controlfield tag="005">20210819154430.0</controlfield>
  <controlfield tag="008">210819b        tu ||||| |||| 00| 0 tur d</controlfield>
  <datafield tag="020" ind1=" " ind2=" ">
    <subfield code="a">9756612061</subfield>
  </datafield>
  <datafield tag="040" ind1=" " ind2=" ">
    <subfield code="a">TR-AnCHP</subfield>
    <subfield code="c">TR-AnCHP</subfield>
  </datafield>
  <datafield tag="041" ind1=" " ind2=" ">
    <subfield code="a">Tur.</subfield>
  </datafield>
  <datafield tag="082" ind1=" " ind2=" ">
    <subfield code="a">320.9561</subfield>
    <subfield code="b">E64b 2001</subfield>
  </datafield>
  <datafield tag="100" ind1=" " ind2=" ">
    <subfield code="a">Erkaya, G&#xFC;ven</subfield>
  </datafield>
  <datafield tag="245" ind1="1" ind2="0">
    <subfield code="a">Bir Asker bir diplomat:</subfield>
    <subfield code="b">s&#xF6;yle&#x15F;i /</subfield>
    <subfield code="c">G&#xFC;ven Erkaya-Taner Baytok</subfield>
  </datafield>
  <datafield tag="260" ind1=" " ind2=" ">
    <subfield code="a">&#x130;stanbul : </subfield>
    <subfield code="b">Do&#x11F;an Kitap&#xE7;&#x131;l&#x131;k, </subfield>
    <subfield code="c">2001.</subfield>
  </datafield>
  <datafield tag="300" ind1=" " ind2=" ">
    <subfield code="a">297 s.:</subfield>
    <subfield code="c">23 s.:</subfield>
  </datafield>
  <datafield tag="600" ind1=" " ind2="0">
    <subfield code="9">6738</subfield>
    <subfield code="a">Erkaya, G&#xFC;ven</subfield>
    <subfield code="d">1938-2000</subfield>
    <subfield code="x">An&#x131;lar</subfield>
  </datafield>
  <datafield tag="600" ind1="1" ind2="4">
    <subfield code="9">2876</subfield>
    <subfield code="a">Baytok, Taner</subfield>
    <subfield code="d">1936-</subfield>
    <subfield code="x">An&#x131;lar</subfield>
  </datafield>
  <datafield tag="650" ind1=" " ind2="0">
    <subfield code="9">5106</subfield>
    <subfield code="a">siyasi tarih</subfield>
    <subfield code="x">T&#xFC;rkiye</subfield>
  </datafield>
  <datafield tag="942" ind1=" " ind2=" ">
    <subfield code="2">ddc</subfield>
    <subfield code="c">BKS</subfield>
  </datafield>
</record>
